Представление документа в формате RUSMARC

Поле Инд. ПП Название Значение
Тип записи a
Библиографический уровень a
001 Контрольный номер 27b62543884a47bca73ee59292a94472
005 Дата корректировки 20181204163140.3
100 a Данные общей обработки 20181204 ||| 0rusy0189 ca
101 0_ a Язык текста rus
102 a Страна публикации RU
200 1_ f Первые сведения об ответственности А.М. Цалиев
a Заглавие Состояние, актуальность и пути повышения правосознания
b Общее обозначение материала Текст
210 1_ d Дата издания 2018
461 _0 1 2000
a Российская юстиция
463 _0 1 2000
a № 11
v С. 2-5
1 2101
d 2018
1 00188360ccaf8ed4ddaabca55ad1ebe63f5
606 a Основная рубрика Общая теория права
610 0_ a Ключевые слова ПРАВОСОЗНАНИЕ
700 _1 a Фамилия Цалиев
b Имя А.М.
801 _0 a Страна RU
b Организация РГУП
c Дата составления 20181204
g Правила каталогизации PSBO
801 _1 a Страна RU
b Организация РГУП
c Дата составления 20181204
g Правила каталогизации PSBO
901 t Тип документа b
w Контрольный № источника 88360ccaf8ed4ddaabca55ad1ebe63f5
905 a Дата ввода 20181204